|
|
|
|
| LEADER |
00000nab a2200000 ar4500 |
| 001 |
vtls009478265 |
| 003 |
SK-MaSNL |
| 005 |
20260303044818.0 |
| 008 |
090227c20090213xo |||||||||||000 b|slo |
| 015 |
|
|
|a SNBRB2009/02
|2 snkbucl
|
| 038 |
|
|
|a SNKBUCL
|
| 040 |
|
|
|a SNKBUCL
|b slo
|c SNKBUCL
|e AACR2
|
| 041 |
0 |
|
|a slo
|
| 044 |
|
|
|a xo
|c SK
|
| 080 |
|
|
|a 792.071.1
|2 1997
|
| 100 |
1 |
|
|a Chosraviová, Renáta
|4 ivr
|4 aut
|9 1034450
|
| 245 |
1 |
0 |
|a Je to herec s krásnym hlasom
|c Renáta Chosraviová, Marián Slovák
|
| 300 |
|
|
|b Fotogr.
|
| 600 |
1 |
7 |
|a Slovák, Marián,
|d 1949-
|2 snkbucl
|9 99778
|
| 700 |
1 |
|
|a Slovák, Marián,
|d 1949-
|4 ive
|4 aut
|9 99778
|
| 773 |
0 |
|
|t Sme. Roľnícke noviny
|g Č. 36 (13.2.2009)
|x 1335-440X
|
| 773 |
0 |
8 |
|i Príl.:
|t Roľnícke noviny
|g Č. 7 (13.2.2009), s. 13-14
|
| 852 |
|
|
|a SNK
|b KIS3GCP
|
| 958 |
|
|
|a SK
|
| 999 |
|
|
|c 1701596
|d 1703526
|